000 00755nam a2200265Ia 4500
003 OSt
005 20220912151408.0
006 a|||||r|||| 00| 0
007 ta
008 220909b |||||||| |||| 00| 0 eng d
024 _a36547
037 _cTextual
040 _aCSL
_beng
_cCSL
041 _aeng
082 _aD65,8(B)0bX:74, L7
100 _aCluff Edward G
245 0 _aComputerisation for the small business
260 _aPurley
_bInput two nine
_c1977
300 _aiv.166p.
_ccm.
490 _aCurrent aspects of computer technology
650 _aManagement information systems
700 _a Simpson Alan
942 _hD65,8(B)0bX:74, L7
_cTEXL
_2CC
999 _c67525
_d67525